| 000 | 00748nam a2200229 a 4500 | ||
|---|---|---|---|
| 005 | 20140412111318.0 | ||
| 008 | 000824s19uu xx 00 eng d | ||
| 020 | _a0-688-13106-9 | ||
| 050 |
_aTR(PS E _bCh43 1994 |
||
| 100 | _aEdwards, Michelle | ||
| 245 |
_aChicken man / _cMichelle Edwards. |
||
| 260 |
_aNew York : _bMulberry Books, _c1994. |
||
| 300 | _a1 v. (unp.) ; ill. | ||
| 440 | _a | ||
| 520 | _aEach time Chicken Man is moved into a new job on the kibbutz, someone else wants to take that job instead, and the chickens suffer as a consequence. | ||
| 650 | _aKibbutzin-Fiction | ||
| 650 | _aOccupations-Fiction | ||
| 650 | _aChickens-Fiction | ||
| 650 | _aIsrael-Fiction | ||
| 650 | _aJews-Israel-Fiction | ||
| 999 |
_c104310 _d104310 |
||